| 000 | 02268cam a22005174i 4500 | ||
|---|---|---|---|
| 003 | PE-LiUPU | ||
| 005 | 20250731184523.0 | ||
| 008 | 150617s r 000 0 d | ||
| 020 | _a9786124579202 | ||
| 035 | _a(Sirsi) a18792 | ||
| 040 |
_aPE-LiUPU _bspa _cPE-LiUPU _erda |
||
| 049 | _aPRUA | ||
| 082 | 0 | 4 |
_a985.612 _bB53 _221 |
| 100 | 1 |
_aBingham, Hiram, _eautor. |
|
| 245 | 1 | 3 |
_aLa ciudad perdida de los incas : _bhistoria de Machu Pichu y sus constructores / _cHiram Bingham. |
| 264 | 1 |
_aSantiago de Chile : _bZIg-Zag, _c1953. |
|
| 300 |
_a336 páginas ; _c21 cm |
||
| 336 |
_atext _2rdacontent |
||
| 337 |
_aunmediated _2rdamedia |
||
| 338 |
_avolume _2rdacarrier |
||
| 490 | 0 | _aColección Historia y Documentos | |
| 504 | _aIncluye bibliografía. | ||
| 505 | 0 | _aLos incas y su civilización -- El origen de los incas -- La historia de los últimos cuatro incas -- Mi entrada a la tierra de los incas -- Al encuentro de Vitcos -- Al encuentro de Vilcapampa -- El descubrimiento -- Exploración de machu Pichu y Huayna Picchu -- Vilcapampa la vieja -- Resultado de las excavaciones en Machu Picchu -- En busca de los caminos incaicos que llevaban a Machu Picchu -- El origen de la ciudad llamada ahora Machu Picchu. | |
| 526 | _aP136 | ||
| 526 | _aP135 | ||
| 526 | _aP134 | ||
| 526 | _aP133 | ||
| 526 | _aP144 | ||
| 526 | _aP143 | ||
| 526 | _aP87 | ||
| 526 | _aP35 | ||
| 526 | _aP20 | ||
| 526 | _aP14 | ||
| 526 | _aP10 | ||
| 526 | _aP06 | ||
| 541 | _g003-0047643; | ||
| 650 | 0 | 4 |
_aMacchu Picchu _xHistoria. |
| 910 |
_ajck _bjvq _cjck _d20150616 |
||
| 942 |
_2ddc _cBOOK |
||
| 949 |
_a985.0909 B53 _wDEWEY _c1 _i14961 _lCCODEBUL1 _mBUL _p00.00 _r0 _sY _tBOOK _u19770308 _xEDUCACION _zUNKNOWN _0COMPRA _o.STAFF. Colección General |
||
| 994 |
_aC0 _bPEPRU |
||
| 596 | _a1 | ||
| 999 |
_a985.612 B53 _wDEWEY _c18523 _i14961 _lLOST _mBUL _r1 _sY _tBOOK _u2015-6-17 _xEDUCACION _zUNKNOWN _0COMPRA _o.STAFF. Colección General _d18523 |
||
| 999 |
_a985.612 B53 _wDEWEY _c2 _i75069 _d2018-10-17 _e2018-10-15 _f2021-11-8 _g7 _lCCODEBUL1 _mBUL _n5 _p17.00 _q4 _r0 _sY _tBOOK _u2016-12-9 _xBIBLIOTECA _PP06 _0COMPRA _o.STAFF. Colección Ingeniería y Arquitectura |
||
| 980 |
_81 _gALBERTO SANCHEZ Responsable de Automatización |
||